Imaging of women in myth and history (Record no. 980402)

MARC details
000 -LEADER
fixed length control field 00791nam a2200277Ia 4500
003 - CONTROL NUMBER IDENTIFIER
control field OSt
005 - DATE AND TIME OF LATEST TRANSACTION
control field 20221005073014.0
008 - FIXED-LENGTH DATA ELEMENTS--GENERAL INFORMATION
fixed length control field 221004b |||||||| |||| 00| 0 eng d
037 ## - SOURCE OF ACQUISITION
Terms of availability Textual
040 ## - CATALOGING SOURCE
Original cataloging agency CRL
Transcribing agency CRL
Language of cataloging eng
041 ## - LANGUAGE CODE
Source of code eng
Language code of text/sound track or separate title eng
110 ## - MAIN ENTRY--CORPORATE NAME
Corporate name or jurisdiction name as entry element India, University of Delhi
9 (RLIN) 152029
111 ## - MAIN ENTRY--MEETING NAME
Meeting name or jurisdiction name as entry element Seminar Organised by The Department of English and History
9 (RLIN) 607651
245 #0 - TITLE STATEMENT
Title Imaging of women in myth and history
260 ## - PUBLICATION, DISTRIBUTION, ETC.
Place of publication, distribution, etc. New Delhi
Name of publisher, distributor, etc. Gargi College India
Date of publication, distribution, etc. 1996
300 ## - PHYSICAL DESCRIPTION
Extent 115p.
Dimensions cm.
500 ## - GENERAL NOTE
General note Gift
650 ## - SUBJECT ADDED ENTRY--TOPICAL TERM
Topical term or geographic name entry element SOCIOLOGY
700 ## - ADDED ENTRY--PERSONAL NAME
Personal name India, University of Delhi
9 (RLIN) 152030
942 ## - ADDED ENTRY ELEMENTS (KOHA)
Classification part Y15p2,N96, N6
Koha item type Textual
Source of classification or shelving scheme
Holdings
Withdrawn status Lost status Damaged status Not for loan Home library Current library Date acquired Total Checkouts Full call number Barcode Date last seen Price effective from Koha item type
        Central Library Central Library 2022-10-05   Y15p2,N96 N6 CL1001407 2022-10-05 2022-10-05 Textual
Copyright @ Delhi University Library System